[Event "Piura op 7th"]
[Site "Piura"]
[Date "2013.09.20"]
[Round "2"]
[White "Huamanchumo Neira, Mario"]
[Black "Campossano Camo, Rodrigo"]
[Result "1-0"]
[WhiteElo "1853"]
[BlackElo "2135"]
[PlyCount "64"]
[EventDate "2013.09.20"]
[EventType "swiss"]
[EventRounds "7"]
[EventCountry "PER"]
[SourceTitle "CBM 156 Extra"]
[Source "ChessBase"]
[SourceDate "2013.10.22"]
[SourceVersion "1"]
[SourceVersionDate "2013.10.22"]
[SourceQuality "1"]

1. Nf3 d6 2. e4 Nf6 3. Nc3 g6 4. Bc4 Bg7 5. d3 c6 6. h3 0-0 7. 0-0 b5 8. Bb3 Nbd7 9. Re1 Qc7 10. Qe2 a5 11. a3 e5 12. Be3 Nc5 13. Bxc5 dxc5 14. a4 b4 15. Nb1 Nh5 16. Nbd2 Nf4 17. Qd1 Ra7 18. Kh2 Qe7 19. Ng1 Kh8 20. g3 Ne6 21. Kg2 Nd4 22. Ngf3 Nxb3 23. Nxb3 Be6 24. Nbd2 Rd7 25. b3 f5 26. Qe2 f4 27. g4 Bf6 28. Rh1 Qd8 29. Rad1 Rg7 30. Nc4 Qc7 31. Rhg1 Rd7 32. Ncd2 h6 1-0